|
|
|
|
| LEADER |
00000nam0a2200000 4500 |
| 001 |
272928 |
| 005 |
20231101234600.0 |
| 020 |
|
|
|a RU
|b 87-67031
|
| 035 |
|
|
|a (RuTPU)RU\TPU\book\296137
|
| 090 |
|
|
|a 272928
|
| 100 |
|
|
|a 20141022d1987 m y0rusy5003 ca
|
| 101 |
0 |
|
|a rus
|
| 102 |
|
|
|a RU
|
| 105 |
|
|
|a a j 001zy
|
| 200 |
1 |
|
|a Оптимизация технологических процессов в промышленности
|e текст лекций
|f А. В. Уваров
|g Ленинградский финансово-экономический институт им. Н. А. Вознесенского (ЛФЭИ)
|
| 210 |
|
|
|a Ленинград
|c Изд-во ЛФЭИ
|d 1987
|
| 215 |
|
|
|a 52 с.
|c ил.
|
| 320 |
|
|
|a Библиогр.: с. 50
|
| 606 |
1 |
|
|a Промышленные предприятия
|x Планирование
|x Математические методы
|2 stltpush
|3 (RuTPU)RU\TPU\subj\52642
|9 71049
|
| 610 |
1 |
|
|a промышленность
|
| 610 |
1 |
|
|a технологические процессы
|
| 610 |
1 |
|
|a оптимизация
|
| 610 |
1 |
|
|a лекции
|
| 675 |
|
|
|a 658.012.2.122(07)
|v 3
|
| 700 |
|
1 |
|a Уваров
|b А. В.
|g Алексей Васильевич
|
| 712 |
0 |
2 |
|a Ленинградский финансово-экономический институт им. Н. А. Вознесенского (ЛФЭИ)
|c (1930-1991)
|2 stltpush
|3 (RuTPU)RU\TPU\col\5601
|
| 801 |
|
0 |
|a RU
|b RuMRKP
|c 19950417
|g psbo
|
| 801 |
|
1 |
|a RU
|b 63413507
|c 20141022
|
| 801 |
|
2 |
|a RU
|b 63413507
|c 20170109
|g RCR
|
| 942 |
|
|
|c BK
|